[Event "Match 72__120'/40"]
[Site "Zurich"]
[Date "2022.??.??"]
[Round "25"]
[White "CXG Sphinx Legend"]
[Black "Mephisto MM II"]
[Result "0-1"]
[WhiteElo "1816"]
[BlackElo "1815"]
[Annotator "KUT"]
[PlyCount "222"]
[EventDate "2022.??.??"]

{[%evp 0,222,19,38,60,60,55,50,36,36,31,40,42,40,42,0,5,6,45,45,39,31,19,19,20,25,31,38,96,83,70,63,85,95,80,67,91,91,109,-33,136,146,150,131,171,194,194,145,189,228,281,240,428,305,301,310,341,301,301,301,344,329,336,347,385,234,289,182,215,117,109,-105,-138,-228,-232,-238,-233,-242,-249,-248,-216,-227,-222,-230,-233,-233,-237,-229,-239,-288,-289,-295,-293,-287,-287,-291,-297,-300,-291,-313,-312,-349,-328,-328,-333,-334,-334,-358,-351,-351,-351,-351,-351,-351,-346,-349,-346,-358,-345,-348,-348,-369,-374,-377,-377,-394,-350,-394,-372,-372,-374,-371,-372,-387,-388,-391,-357,-363,-358,-358,-332,-342,-332,-356,-372,-370,-347,-369,-371,-393,-397,-587,-407,-411,-587,-607,-587,-587,-587,-587,-587,-587,-587,-587,-587,-587,-587,-587,-587,-587,-587,-587,-587,-587,-587,-587,-587,-587,-587,-587,-587,-587,-587,-587,-587,-587,-587,-587,-587,-617,-617,-617,-617,-627,-637,-637,-617,-647,-647,-647,-647,-647,-647,-647,-657,-657,-657,-29981,-29984,-29985,-29986,-29987,-29988,-29989,-29990,-29991,-29992,-29993,-29994,-29995,-29996,-29997,-29998,-29999,-30000]} 1. e4 c6 {Match 120'/40+60'/20+30' | Bediener: Rolf Bühler | 25. Partie: Schwarz MM II gewinnt | Zwischenstand: 14-11 (56%) für Mephisto MM II | Gegen die Nimzowitsch-Variante in der Caro-Kann Verteidigung holt Weiss nichts aus der Eröffnung. Optisch sieht es gar so aus, als ob Weiss am Königsflügel unter Druck wäre. Die für beide Programme offenbar zu schwierigen Probleme führen zu einem abwechslungsreichen Kampf. Zuerst greift Weiss fehl und müsste verlieren, aber Schwarz revanchiert sich umgehend im gleichen Sinn. Die massive Überlegenheit an weissen Bauern am Damenflügel wäre nun entscheidend gewesen. Bei ungleichem Material von D+B gegen T+S stolpert dann aber Weiss (CXG), so dass sich das Blatt vollkommen zugunsten des Gegners ändert. Und schliesslich darf der Mephisto MM II noch beweisen, dass er die Mattführung mit Läufer und Springer gegen den nackten König zu einem guten Ende bringen kann.} 2. d4 d5 3. Nc3 dxe4 4. Nxe4 Nf6 5. Nxf6+ exf6 {Im Buch "Caro-Kann" von Rolf Schwarz aus dem Jahre 1965 heisst es dazu: "Ein umstrittenes System. Die Theorie argumentiert. Weiss nimmt auf f6 und folgert: 1.) Schlägt Schwarz nun mit dem e-Bauern zurück, so bekommt Weiss die gefährliche Bauernmajorität am Damenflügel. Wir erinnern uns hier an die Spanische Abtauschvariante, zu der aber ein grundlegender Unterschied besteht: Schwarz hat dort als Äquivalent das Läuferpaar. 2.) Nimmt Schwarz mit dem g-Bauern, so ist der schwarze Bauernblock im Zentrum unbeweglich. Immerhin gibt die Theorie dieser Variante bessere Lebenschancen als dem Schlagen mit exf6. Wir möchten nur ganz en passent erwähnen, dass theoretische Urteile und praktische Ergebnisse nicht ganz übereinstimmen, was der Schachfreund aber bei Studium der folgenden Varianten selbst bemerken wird." Weitere Kommentare dazu sind ebenfalls interessant. Zu 5.Sxf6 exf6 meint Ludwig Pachmann: "Nun kann sich Schwarz schnell entwickeln. Ein Nachteil seiner Stellung aber ist die Entwertung seiner Königsflügelbauern. Kommt es bei einer derartigen Bauernkonstellation zum Endspiel, so ist dieses sehr günstig für Weiss." Und Ex-Weltmeister Dr. Max Euwe meint zu 5.Sxf6 exf6: "Dieses Wiederschlagen ... schwächt die Bauernstellung in sehr ernsthafter Weise, denn ein reines Bauernendspiel wäre verloren für Schwarz. Es bietet auf der anderen Seite dynamische Vorteile: Schnelle Entwicklung, sichere Rochadestellung, Druck auf die Mittellinien. Es ist deshalb nicht immer so, dass die bessere Bauernstellung des Anziehenden zu ihrem Recht kommen muss. Es besteht nur die Aussicht darauf." Und Egon Varnuz meint: "Die Theorie unterschätzt dieses System (exf6) ein wenig, weil Weiss einen ideellen Mehrbauern hat. Entfernen wir alle Figuren vom Brett, dann hat Schwarz ein verlorenes Bauernendspiel. Die Variante war jedoch zeitweilig in Mode, weil es bis zur völligen Vereinfachung noch weit ist, Schwarz keine Entwicklungsschwierigkeiten hat, der Doppelbauer seine Königsstellung verstärkt und manchmal sogar die Ergreifung der Initiative gestattet." Und A. Konstantinopolski/A. Weiz schreiben: "Lange Zeit war man der Ansicht, der Plan mit e7xf6 genüge nicht, um ein gleichwertiges Spiel zu erlangen. Er gewährt Weiss ein Bauernübergewicht am Damenflügel, wofür Schwarz keine sichtbare Kompensation hat. Allmählich aber brachte die Praxis auch die Vorteile der schwarzen Stellung an den Tag. Schwarz kann seine Figuren schnell entwickeln, nach der kurzen Rochade steht der schwarze König sicher genug; daneben kontrolliert der f6-Bauer die Felder e5 und g5, was die Entfaltung eines weissen Angriffs hemmt." Sehr aufschlussreich und wichtig finde ich zudem den Umstand, dass alle modernen Engines das Schlagen mit e7xf6 bevorzugen und mit wenigen Ausnahmen eine Bewertungsdifferenz von 0.5 und mehr Bauerneinheiten zugunsten des soliden exf6 geben. Man kann zu dem System mit 4...Sf6 stehen, wie man will, Tatsache ist, dass gemäss den oftmals täuschenden Statistiken -- weil darin auch viele fehlerhafte Partien enthalten sind, die dem eigentlichen Verlauf der Partien nicht gerecht werden -- nicht viel gegen die praktische Anwendung dieses Systems spricht. So sehen nach 5.Sxf6 die Gewinnquoten aus weisser Sicht wie folgt aus: 54,4% CB Opening Tree 2020 mit 13858 Partien, 54% im CB Live Book mit nur 4069 Partien, 54% in der CB Online Datenbank mit 18817 Partien. Und auch die Unterschiede zwischen 5...exf6 und 5...gxf6 sind statisch wenig relevant, ja 5...exf6 bringt gar leicht bessere Ergebnisse für Schwarz. Es ist also weitgehend Geschmacksache, welches Abspiel man als Schwarzer wählen will.} 6. Nf3 (6. c3 {ist die ebenfalls häufig angewandte Fortsetzung.}) 6... Bd6 7. Be2 {***ENDE BUCH***} Na6 8. O-O Nc7 9. c4 O-O {***ENDE BUCH***} 10. Qc2 Bg4 11. Ng5 $5 {Mit Mattdrohung auf h7 und Angriff auf den schwarzen Lg4. Eine interessante Fortsetzung, um sich das Läuferpaar zu sichern.} fxg5 12. Bxg4 Qf6 13. Be3 Qh6 {Droht nun seinerseits auf h2 ein Matt. Aber besser war 13...Lf4, denn nach Abwehr der Mattdrohung steht die schwarze Dame auf h6 nicht gut.} 14. h3 $6 {Und hier ist die Verteidigung mit 14.g3 stärker.} Rae8 {Auch hier macht 14...Lf4 mehr Sinn.} 15. Qf5 {Dieser Angriff auf den schwarzen g5-Bauer sieht zwar etwas gekünstelt aus, aber ist durchaus spielbar.} Ne6 {Es gibt eine Alternative:} (15... Qe6 16. Qxe6 (16. Qxg5 $2 Qxc4 $15) 16... Nxe6 17. Rad1 Bf4 18. Rfe1 $16) 16. d5 Nf4 $6 {Das ist nicht die optimale Wahl. Die vorliegende, komplexe Stellung ist für unsere Oldies eine Nummer zu gross.} (16... cxd5 17. cxd5 (17. Qxd5 Nf4 $14) 17... Nf4 18. Bd4 b6 19. g3 $14) 17. dxc6 Re5 18. Qc2 bxc6 19. Bxa7 $2 {[%mdl 32768] Danach dreht sich das Rad vollkommen zugunsten von Schwarz.} (19. Bd4 Ree8 (19... Re2 20. Qf5) 20. Rfe1 Rd8 21. Qf5 $16) 19... Rfe8 $2 {Schwarz packt seine Chance nicht und überlässt dem Gegner klaren Vorteil. Aber natürlich hatte der Mephisto MM II keine Chance, das zu erkennen.} (19... f5 $1 20. c5 Bc7 21. Bd1 g4 22. Bb6 Bb8 23. Qc3 Kh8 24. Ba7 gxh3 25. g3 Nd5 26. Qa5 Bxa7 27. Qxa7 f4 $19 {und gewinnt}) 20. Be3 Bc7 21. Rfd1 (21. Bxf4 gxf4 22. Bf3 c5 23. a3 Qd6 24. Rab1 Bb6 25. b4 g6 26. Qb2 $16 {und Weiss steht deutlich besser}) 21... R8e7 $2 {Statt mit 21...Dh4 den Ausgleich anzustreben, erhält Weiss nun wieder klaren Vorteil.} 22. a4 Ba5 {Sieht logisch aus, wird doch das weitere Vorgehen des gefährlichen Freibauern auf der a-Linie gestoppt. Doch ist das ein Trugschluss.} 23. b3 {Ein Schritt zu wenig, denn mit 23.b4! gelangt Weiss auf den Siegespfad. Aber erneut ist die Situation für unsere Oldies nicht zu lösen.} (23. b4 $1 Bxb4 24. a5 Qf6 25. a6 h5 26. Bf3 Re8 27. a7 Ra8 28. Bd4 Bc5 29. Bxe5 Qxe5 30. Bxc6 Ne2+ 31. Kh1 Bxf2 32. Ra3 Bg1 33. Rxg1 {und gewinnt.}) 23... Re4 $2 {Tut nichts gegen den soeben gezeigten Durchbruch am Damenflügel.} 24. Bc5 {Mit 24.b4! gewinnt Weiss einfacher.} R7e5 25. Rd6 {Auch 25.b4 oder 25.Ld6 führen zum Sieg.} Re1+ 26. Kh2 Rxa1 27. Rxh6 gxh6 {Materiell steht es einen Zug lang ungefähr gleich, aber die aktiven weissen Figuren sind dem Gegner haushoch überlegen.} 28. Bd4 {Erobert noch Material mit diesem Doppelangriff auf Te5 und Ta1.} Rae1 29. Bxe5 Rxe5 {Nun müsste der Gewinn für Weiss nur noch eine Fleissaufgabe sein. Dass es am Ende aber 0 : 1 heisst, kann man sich im jetztigen Moment nur schwer vorstellen.} 30. Qd1 Ng6 31. Qd6 c5 32. Kg3 {Besser 32.g3, aber selbst dieser komisch wirkende Königszug vermag den weissen Sieg nicht zu gefährden.} Re7 33. Bd7 (33. Qxc5 {hätte angesichts der weissen Übermacht von Bauern am Damenflügel die Schlacht am schnellsten beeendet.} Bc7+ 34. f4 Bxf4+ 35. Kf2 Rc7 36. Qb6 Re7 37. a5 {denn} Be3+ 38. Qxe3 Rxe3 39. Kxe3 Ne7 40. Bd7 $18 {und die weissen Bauern laufen.}) 33... Be1 34. Qb8+ Kg7 35. Qb5 $2 {[%mdl 32768] Weiss hat vollkommen den Faden verloren und stürzt nun gar selbst ins Elend.} (35. Bf5 $18) 35... Re3+ {Mit diesem plötzlichen Überfall startet Schwarz eine tödliche Attacke.} 36. Kh2 Bxf2 37. Kh1 Bg3 {Schneller zum Ziel hätte 37...Te1+ usw. geführt.} (37... Re1+ 38. Kh2 h5 39. a5 h4 40. Qb8 Re3 41. g3 hxg3+ 42. Qxg3 Bxg3+ 43. Kg1 Nh4 44. b4 Re1#) 38. Qxc5 Re1+ 39. Qg1 Rxg1+ 40. Kxg1 Ne5 41. Bf5 Nc6 42. Be4 Na5 43. Bc2 Kf6 44. c5 Be1 45. Kf1 Bb4 46. Bxh7 Nxb3 47. c6 Ke7 48. Bg8 Ba5 49. Bh7 Nd4 50. Be4 Kd6 51. g4 Nxc6 52. Kf2 Bb6+ 53. Kg3 Ne5 54. Bf5 Kc5 55. Bc2 Kb4 56. Kg2 Nc4 57. Kf3 Ne3 58. Bh7 Kxa4 {Mit Bauern- und Figurenplus für Schwarz besteht kein Zweifel über den Ausgang der Partie.} 59. Ke4 f6 60. Bg8 Kb4 61. Ba2 Kc3 62. Bg8 Kd2 63. Kf3 f5 64. gxf5 Nxf5 65. Kg4 Ng7 66. h4 gxh4 67. Kxh4 Ke1 68. Bd5 Kf1 69. Kg4 Kg1 70. Kf3 h5 71. Kf4 h4 72. Kg4 Bf2 73. Bc6 Ne6 74. Kh3 Bg3 75. Kg4 Nc5 76. Bd5 Nd3 77. Bb7 Nf2+ 78. Kf3 Bd6 79. Bc8 h3 80. Bxh3 Nxh3 {Nun muss der Mephisto MM II noch beweisen, dass er mit Läufer und Springer den nackten weissen König mattsetzen kann.} 81. Ke4 Kf2 82. Kd5 Ba3 83. Ke4 Bb2 84. Kd3 Nf4+ 85. Ke4 Kg3 86. Ke3 Nd5+ 87. Ke4 Ne7 88. Ke3 Bc1+ 89. Ke4 Ba3 90. Ke3 Bc5+ 91. Ke4 Kg4 92. Kd3 Kf3 93. Kc4 Bf2 94. Kd3 Nd5 95. Kc4 Nc7 96. Kd3 Be3 97. Kc4 Ke4 98. Kb4 Kd3 99. Ka5 Kc4 100. Ka4 Bd2 101. Ka3 Nb5+ 102. Kb2 Nd4 103. Ka2 Kb4 104. Kb2 Ka4 105. Ka2 Nc6 106. Kb2 Nb4 107. Ka1 Kb3 108. Kb1 Be3 109. Ka1 Nc2+ 110. Kb1 Na3+ 111. Ka1 Bd4# 0-1

[Event "Match 72__120'/40"]
[Site "Zurich"]
[Date "2022.??.??"]
[Round "26"]
[White "Mephisto MM II"]
[Black "CXG Sphinx Legend"]
[Result "1/2-1/2"]
[WhiteElo "1815"]
[BlackElo "1816"]
[Annotator "KUT"]
[PlyCount "148"]
[EventDate "2022.??.??"]

{[%evp 0,148,19,38,25,16,13,60,40,14,14,10,-2,8,17,24,15,41,23,35,53,30,30,25,17,12,27,0,28,36,17,11,17,-26,-18,-32,-21,-41,-13,-29,-41,-29,-9,-9,-21,-37,-8,-40,-29,-67,-35,-44,-33,-33,-58,-87,-67,-86,-81,-132,-142,-143,-167,-160,-167,-239,-227,-208,-211,-222,-224,-264,-281,-262,-261,-246,-310,-320,-309,-317,-321,-398,-273,-441,-236,-374,-432,-432,-198,-268,-264,-265,-287,-304,-249,-371,-167,-150,-143,-136,-153,-136,-126,-130,-132,-122,-141,-232,-53,-38,-18,-86,-2,-3,0,0,0,0,0,0,0,0,0,0,0,0,0,0,0,0,0,0,0,0,0,0,0,0,0,0,0,0,0,0,0,0,0,0,0,0,0]} 1. e4 e5 {Match 72: 120'/40+60'/20+30' | Bediener: Rolf Bühler | 26. Partie: remis | Zwischenstand: 14,5-11,5 (55,7%) für Mephisto MM II | Die Russische-Verteidigung, Steinitz-Variante 3.d4, führt in dieser Partie nach bereits 14 Zügen zum Damentausch und Ausgleich. Weiss agiert in der Folge ungenau und so darf sich die CXG Sphinx Legend ab dem 23. Zug eines Mehrbauern im Endspiel rühmen. Nachdem der Mephisto MM II am Damenflügel unter Druck gerät, muss das Programm von Ulf Rathsman einen zweiten Bauern verschmerzen. Und angesichts der gegnerischen verbundenen zwei Freibauern auf der b- und c-Linie schien es nur noch eine Frage der Zeit, bis Weiss das Handtuch werfen müsste. Doch einmal mehr verdirbt das ungarische Programm von Gyula Horvath seine Stellung zum Remis, und das im Turmendspiel. Damit waren aber die Aufregungen noch nicht zu Ende. So schlittert Weiss erneut in eine verlorene Stellung und kann schliesslich nur deshalb noch Remis erzielen, weil sich Schwarz nicht entscheiden konnte, mit dem König seinem Freibauern zu Hilfe zu kommen.} 2. Nf3 Nf6 3. d4 exd4 4. e5 Ne4 5. Qxd4 d5 6. exd6 Nxd6 7. Nc3 Nc6 8. Qf4 {***ENDE BUCH***} Be7 {***ENDE BUCH***} 9. Bd3 Be6 10. O-O O-O 11. Rd1 Re8 12. Be3 Bf6 13. Ng5 Bxg5 14. Qxg5 Qxg5 15. Bxg5 {Schon sind die Damen getauscht und es steht ausgeglichen.} Nb4 16. a4 $2 {Das macht wenig bis gar keinen Sinn.} (16. Bb5 Bg4 17. Rd2 (17. f3 Nxb5 18. Nxb5 Bxf3 $1 19. Nxc7 (19. gxf3 Re5 $11) 19... Bxd1 20. Rxd1 f6 21. Nxa8 Rxa8 22. c3 fxg5 23. cxb4 Rc8 $11) 17... Nxb5 18. Nxb5 h6 19. a3 Nxc2 20. Rxc2 hxg5 $11) 16... Nxd3 17. cxd3 (17. Rxd3 {sieht normaler aus.}) 17... Bb3 18. Re1 Bc2 19. Nd5 Rxe1+ 20. Rxe1 c6 21. Ne7+ Kh8 $2 {Immer wieder diese Ungenauigkeit der meisten Oldies. Wir befinden uns bereits im Endspiel und deshalb sollte sich der König in Richtung des Zentrums bewegen und nicht vom Zentrum davonlaufen.} 22. Bf4 Ne8 23. Nf5 Bxd3 {Schwarz hat in diesem Endspiel einen Bauern mehr, was bei der CXG Sphinx Legend nicht allzu viel Bedeutung hat.} 24. Nd4 $6 ({Besser ist} 24. Nd6 Nxd6 25. Bxd6 {und die ungleichfarbigen Läufer sowie der aktivere weisse Turm ergeben auch in dieser Stellung eine grosse Remistendenz.}) 24... c5 25. Nf3 f6 26. Re7 {Jetzt wird der Nachteil von 21...Kh8 anstelle von 21...Kf8 deutlich, hätte doch der weisse Turm mit einem schwarzen König auf f8 nicht auf der 7. Reihe eindringen können. Schwarz wird nun bald den König zentralisieren und dabei unnötige Zeit investieren müssen.} b6 27. Be3 Bc2 (27... Kg8 {ist besser}) 28. a5 Nd6 {droht lästig ...Sf5 und/oder ...Sc4.} 29. Bf4 $2 {Das ist falsch.} (29. Nd2 Nf5 30. Rc7 Kg8 31. Nf1 Bb3 $15 {und Schwarz steht nur geringfügig besser.}) 29... Nc4 30. axb6 axb6 31. Ne1 Bb3 {Auf g6 stünde der Läufer wirkungsvoller, schränkt er doch auch die Bewegungsfreiheit des weissen Springers ein.} 32. Bc1 h6 {Verdirbt den Sieg nicht. Aber stärker war es, endlich den König wieder ins Zentrum zu führen. Man sieht auch hier, wie erneut negativ sich das ehemalige 21...Kh8? noch immer auswirkt.} (32... Kg8 33. Bf4 Ra1 34. h4 Kf8 35. Re2 Kf7 36. Kh2 Bd1 37. Re4 Nxb2 $19 {und gewinnt}) 33. Nf3 Ra2 {Nach a1 ist gar stärker.} 34. h4 Nxb2 35. Nd2 Bg8 {droht mit ...Ta1 zu gewinnen.} 36. Bxb2 Rxb2 37. Ne4 c4 {Auch 37...Te2 oder 37...Ta1, 38.Kh2 Te1 gewinnt problemlos.} 38. Rc7 Rb1+ 39. Kh2 b5 {Die zwei verbundenen schwarzen Freibauern sind eine tödliche Macht.} 40. Ng3 Rb2 {Ein unnötiger Zwischenzug anstelle von 40...b4 -+} 41. Kg1 g6 42. Rc6 Rb1+ 43. Kh2 Kg7 44. Ne4 f5 45. Rc7+ Kf8 46. Rc8+ Ke7 47. Rxg8 Kf7 {Macht die Sache unnötig kompliziert.} (47... fxe4 48. Rxg6 c3 49. Rc6 b4 50. g4 Rb2 51. g5 hxg5 52. hxg5 c2 53. g6 b3 54. g7 Kf7 55. Rg6 Kg8 $19) 48. Nc3 Rb3 49. Rb8 Rxc3 50. Rxb5 {Jetzt muss nur noch der schwarze König zwecks Unterstützung seines Freibauern auf der c-Linie an den anderen Flügel eilen ... und aus ist die Maus.} Rb3 $2 {[%mdl 32768] Es genügt dieser schlechte Zug, um die Partie zum Remis zu verderben. Eine systematische Gewinnführung - das Können der CXG Sphinx Legend weit übersteigend - sieht wie folgt aus:} (50... Ke6 51. Rc5 Kd6 52. Rc8 Kd5 53. Rd8+ Kc5 54. Rc8+ Kb4 55. Rb8+ Ka3 56. Rc8 Kb3 57. Rb8+ Kc2 58. h5 gxh5 59. Rc8 Kd3 60. Rd8+ Ke2 61. Rf8 Rd3 62. Rxf5 c3 63. Rxh5 c2 64. Rc5 Kd2 $19) 51. Rc5 c3 52. h5 {Sprengt die schwarze Bauernkette.} gxh5 53. Rxf5+ $2 {Dieses offensichtliche Schlagen des Bauern verliert. Die Stellung war nur durch beherztes Eingreifen des weissen Königs in den Kampf zu retten, zum Beispiel:} (53. Kg3 Ke6 54. Kf4 Kd6 55. Rc8 Kd5 56. Ke3 $1 f4+ 57. Kd3 h4 58. f3 Rb2 59. Rg8 h3 60. gxh3 Rf2 61. Kxc3 Rxf3+ 62. Kd2 Rxh3 63. Ke2 Ke4 64. Re8+ Kf5 65. Kf2 $11 {mit einer theoretischen Remisstellung.}) 53... Kg6 $2 {Der Königsmarsch zum Damenflügel, beginnend mit 53...Ke6, hätte gewonnen.} 54. Rc5 $11 {Nun ist der Gewinn bei bester Verteidigung nicht mehr zu erzwingen.} Rb2 55. f4 Rb4 56. Kg3 h4+ 57. Kxh4 Rxf4+ 58. Kg3 Rf1 59. Rxc3 h5 60. Rc6+ Kf5 61. Rc5+ Kg6 62. Kh2 Rf6 63. Kh3 Rf4 64. Rc1 Rg4 65. g3 Re4 66. Rd1 Rg4 67. Rb1 Re4 68. Rc1 Rd4 69. Re1 Kf5 70. Rf1+ Kg5 71. Rg1 Kf6 72. Rb1 Kf5 73. Ra1 Kf6 74. Ra8 Rc4 {***REMIS ABGEBROCHEN***} 1/2-1/2